Green and pleasant land (Record no. 63321)

MARC details
000 -LEADER
fixed length control field 01028cam a2200253 4500
001 - CONTROL NUMBER
control field WB3617-34
008 - FIXED-LENGTH DATA ELEMENTS--GENERAL INFORMATION
fixed length control field 000000n2000 000 0 eng u
035 ## - SYSTEM CONTROL NUMBER
System control number (Sirsi) u105736
245 ## - TITLE STATEMENT
Title Green and pleasant land
260 ## - PUBLICATION, DISTRIBUTION, ETC.
Date of publication, distribution, etc. 2000
490 ## - SERIES STATEMENT
Series statement Daily Telegraph
Volume/sequential designation 3 May 2000, 10
490 ## - SERIES STATEMENT
Series statement Birmingham Post
Volume/sequential designation 4 May 2000, 26(2)
520 ## - SUMMARY, ETC.
Summary, etc. The World Wide Fund for Nature has suggested that expenditure of over £1.6bn pa is needed if Britain is to meet its targets for conservation of the countryside and encourage farmers to change to more environmentally-friendly production methods. The suggestion comes in a WWF report entitled "Money makes the Countryside go round". Report available on web site www.wwf-uk.org.
590 ## - LOCAL NOTE (RLIN)
Local note WB
650 ## - SUBJECT ADDED ENTRY--TOPICAL TERM
Topical term or geographic name entry element WORLD WIDE FUND FOR NATURE
650 ## - SUBJECT ADDED ENTRY--TOPICAL TERM
Topical term or geographic name entry element FARMING
650 ## - SUBJECT ADDED ENTRY--TOPICAL TERM
Topical term or geographic name entry element COUNTRYSIDE CONSERVATION
650 ## - SUBJECT ADDED ENTRY--TOPICAL TERM
Topical term or geographic name entry element RURAL AREAS
650 ## - SUBJECT ADDED ENTRY--TOPICAL TERM
Topical term or geographic name entry element WILDLIFE CONSERVATION
650 ## - SUBJECT ADDED ENTRY--TOPICAL TERM
Topical term or geographic name entry element GOVERNMENT FUNDING
690 ## - LOCAL SUBJECT ADDED ENTRY--TOPICAL TERM (OCLC, RLIN)
Topical term or geographic name as entry element Rural
9 (RLIN) 6268
856 ## - ELECTRONIC LOCATION AND ACCESS
Uniform Resource Identifier <a href="https://www.wwf-uk.org">https://www.wwf-uk.org</a>
942 ## - ADDED ENTRY ELEMENTS (KOHA)
Suppress in OPAC 0
Holdings
Withdrawn status Lost status Source of classification or shelving scheme Damaged status Not for loan Home library Current library Shelving location Date acquired Total Checkouts Full call number Barcode Date last seen Copy number Price effective from Koha item type
    Dewey Decimal Classification     London London News article 03/05/2000   WB3617-34 105736-1001 06/08/2019 1 06/08/2019 News article